书目信息 |
| 题名: |
中央银行学
|
|
| 作者: | 王广谦 主编 | |
| 分册: | ||
| 出版信息: | 北京 高等教育出版社 2012 |
|
| 页数: | 429页 | |
| 开本: | 25cm | |
| 丛书名: | ||
| 单 册: | ||
| 中图分类: | F830.31 | |
| 科图分类: | ||
| 主题词: | 中央银行--高等学校--教材 | |
| 电子资源: | ||
| ISBN: | 978-7-04-032930-8 | |
| 000 | 01059nam0 2200253 450 | |
| 001 | 340127 | |
| 005 | 20150605090544.60 | |
| 010 | @a978-7-04-032930-8@dCNY39.80 | |
| 100 | @a20120118d2011 em y0chiy50 ea | |
| 101 | 0 | @achi |
| 102 | @aCN@b110000 | |
| 105 | @ay z 000yy | |
| 106 | @ar | |
| 200 | 1 | @a中央银行学@Azhong yang yin hang xue@f王广谦主编 |
| 205 | @a第3版 | |
| 210 | @a北京@c高等教育出版社@d2012 | |
| 215 | @a429页@d25cm | |
| 300 | @a普通高等教育“十一五”国家级规划教材 面向21世纪课程教材 高等学校金融学专业主要课程教材 | |
| 330 | @a本书以中央银行在现代经济与金融体系中所处的核心地位为出发点, 以中央银行履行其职责的内部运作方式和对金融及经济在微观和宏观方面产生的客观影响为主要线索, 从宏观角度研究经济与金融运行及发展的规律, 重点围绕中央银行所承担的三大基本职责——制定和执行货币政策、监督管理金融业和维护金融稳定、组织与管理支付清算, 进行详尽阐述。 | |
| 606 | 0 | @a中央银行@x高等学校@j教材 |
| 690 | @aF830.31@v5 | |
| 701 | 0 | @a王广谦@Awang guang qian@f(1955)@4主编 |
| 801 | 0 | @aCN@b卓展宏图@c20150525 |
| 905 | @dF830.31@e307=3@f5 | |
| 中央银行学/王广谦主编.-第3版.-北京:高等教育出版社,2012 |
| 429页;25cm |
| 普通高等教育“十一五”国家级规划教材 面向21世纪课程教材 高等学校金融学专业主要课程教材 |
| ISBN 978-7-04-032930-8:CNY39.80 |
| 本书以中央银行在现代经济与金融体系中所处的核心地位为出发点, 以中央银行履行其职责的内部运作方式和对金融及经济在微观和宏观方面产生的客观影响为主要线索, 从宏观角度研究经济与金融运行及发展的规律, 重点围绕中央银行所承担的三大基本职责——制定和执行货币政策、监督管理金融业和维护金融稳定、组织与管理支付清算, 进行详尽阐述。 |
| ● |
| 相关链接 |
|
|
|
|
正题名:中央银行学
索取号:F830.31/307=3
 
预约/预借
| 序号 | 登录号 | 条形码 | 馆藏地/架位号 | 状态 | 备注 |
| 1 | 855942 | 208559424 | 第一样本阅览室/ [索取号:F830.31/307=3] | 在馆 | |
| 2 | 855943 | 208559433 | 密集书库-海洋学院/ [索取号:F830.31/307=3] | 在馆 | |
| 3 | 855944 | 208559442 | 第一借阅区/ [索取号:F830.31/307=3] | 在馆 | |
| 4 | 855945 | 208559451 | 第一借阅区/ [索取号:F830.31/307=3] | 在馆 | |
| 5 | 855946 | 208559460 | 第一借阅区/ [索取号:F830.31/307=3] | 在馆 |